Исследования напряженно-деформированного состояния трубопроводов: учебное пособие
| Körperschaft: | |
|---|---|
| Weitere Verfasser: | , |
| Zusammenfassung: | Заглавие с титульного экрана Электронная версия печатной публикации В пособии рассматривается напряженно-деформированное состояние газонефтепроводов и методы их контроля. Особое внимание уделено особенностям прочностных расчетов магистральных нефтепроводов, численному анализу прочности трубопроводов. Приводятся расчеты трубопровода в сложных инженерно-геологических условиях, методы и критерии оценки напряженно-деформированного состояния стенки трубопровода, напряженно-деформированного состояния кривых труб. Изложены основные положения теории тонких упругих оболочек применительно к расчету резервуаров и трубопроводов. Предназначено для студентов, обучающихся по направлению 21.04.01 «Нефтегазовое дело», профиль подготовки «Надежность и безопасность объектов транспорта и хранения углеводородов» Режим доступа: из корпоративной сети ТПУ |
| Sprache: | Russisch |
| Veröffentlicht: |
Томск, Изд-во ТПУ, 2021
|
| Ausgabe: | 3-е изд., доп. |
| Schlagworte: | |
| Online-Zugang: | https://www.lib.tpu.ru/fulltext2/m/2021/m33.pdf |
| Format: | MixedMaterials Elektronisch Buch |
| KOHA link: | https://koha.lib.tpu.ru/cgi-bin/koha/opac-detail.pl?biblionumber=346440 |
MARC
| LEADER | 00000nlm0a2200000 4500 | ||
|---|---|---|---|
| 001 | 346440 | ||
| 005 | 20250213135045.0 | ||
| 035 | |a (RuTPU)RU\TPU\book\378321 | ||
| 035 | |a RU\TPU\book\377389 | ||
| 090 | |a 346440 | ||
| 100 | |a 20211001d2021 m y0rusy50 ca | ||
| 101 | 0 | |a rus | |
| 102 | |a RU | ||
| 105 | |a a j 001zy | ||
| 135 | |a drcn ---uucaa | ||
| 181 | 0 | |a i | |
| 182 | 0 | |a b | |
| 200 | 1 | |a Исследования напряженно-деформированного состояния трубопроводов |e учебное пособие |f Национальный исследовательский Томский политехнический университет, Инженерная школа природных ресурсов ; сост. А. Л. Саруев ; А. В. Рудаченко | |
| 203 | |a Текст |c электронный | ||
| 205 | |a 3-е изд., доп. | ||
| 210 | |a Томск |c Изд-во ТПУ |d 2021 | ||
| 300 | |a Заглавие с титульного экрана | ||
| 300 | |a Электронная версия печатной публикации | ||
| 330 | |a В пособии рассматривается напряженно-деформированное состояние газонефтепроводов и методы их контроля. Особое внимание уделено особенностям прочностных расчетов магистральных нефтепроводов, численному анализу прочности трубопроводов. Приводятся расчеты трубопровода в сложных инженерно-геологических условиях, методы и критерии оценки напряженно-деформированного состояния стенки трубопровода, напряженно-деформированного состояния кривых труб. Изложены основные положения теории тонких упругих оболочек применительно к расчету резервуаров и трубопроводов. Предназначено для студентов, обучающихся по направлению 21.04.01 «Нефтегазовое дело», профиль подготовки «Надежность и безопасность объектов транспорта и хранения углеводородов» | ||
| 333 | |a Режим доступа: из корпоративной сети ТПУ | ||
| 606 | 1 | |a Нефтепроводы магистральные |x Надежность |2 stltpush |3 (RuTPU)RU\TPU\subj\45743 |9 64934 | |
| 610 | 1 | |a электронный ресурс | |
| 610 | 1 | |a труды учёных ТПУ | |
| 610 | 1 | |a учебные пособия | |
| 610 | 1 | |a прочностные расчеты | |
| 610 | 1 | |a напряженно-деформированное состояние | |
| 610 | 1 | |a контроль | |
| 610 | 1 | |a прочность | |
| 610 | 1 | |a численный анализ | |
| 610 | 1 | |a сложные инженерно-геологические условия | |
| 610 | 1 | |a несущие элементы | |
| 610 | 1 | |a резервуары | |
| 610 | 1 | |a тонкие упругие оболочки | |
| 610 | 1 | |a геометрические характеристики | |
| 610 | 1 | |a моментное напряжение | |
| 610 | 1 | |a сопряжение | |
| 610 | 1 | |a трубопроводы | |
| 610 | 1 | |a арматура | |
| 610 | 1 | |a газонефтепроводы | |
| 610 | 1 | |a магистральные нефтепроводы | |
| 610 | 1 | |a нагрузки | |
| 610 | 1 | |a воздействия | |
| 675 | |a 622.692.4-192(075.8) |v 3 | ||
| 702 | 1 | |a Саруев |b А. Л. |c специалист в области нефтегазового дела |c доцент Томского политехнического университета, кандидат технических наук |f 1974- |g Алексей Львович |3 (RuTPU)RU\TPU\pers\26166 |4 220 |9 11975 | |
| 702 | 1 | |a Рудаченко |b А. В. |c специалист в области нефтегазового дела |c доцент Томского политехнического университета, кандидат технических наук |f 1949- |g Александр Валентинович |3 (RuTPU)RU\TPU\pers\26135 |4 220 | |
| 712 | 0 | 2 | |a Национальный исследовательский Томский политехнический университет |b Инженерная школа природных ресурсов |c (2017- ) |3 (RuTPU)RU\TPU\col\23377 |
| 801 | 1 | |a RU |b 63413507 |c 20120512 | |
| 801 | 2 | |a RU |b 63413507 |c 20211001 |g RCR | |
| 856 | 4 | |u https://www.lib.tpu.ru/fulltext2/m/2021/m33.pdf | |
| 942 | |c CF | ||